00370 a2200109 4500001001000000005001700010008004100027245008700068100002900155773005900184999001700243ART_4177420260410161814.0260409a 10aDogmaticas de transiçao, evoluçao dos sistemas e desafios ao ensino do Direito1 aCosta Gonçalves, Diogo0 tAcademiag- Año 14, Nº 27 (ene./jun. 2016)wREV4314 c21693d21693